Catàleg del Col·legi de Periodistes de Catalunya

Colita, el poder de la mirada / (Registre núm. 8031)

000 -CABECERA
Longitud fija campo de control 00974nam a2200265 i 4500
003 - IDENTIFICADOR DEL NÚMERO DE CONTROL
Identificador del número de control OSt
005 - FECHA Y HORA DE LA ÚLTIMA TRANSACCIÓN
Fecha y hora de la última transacción 20250716120521.0
008 - CÓDIGOS DE INFORMACIÓN DE LONGITUD FIJA
Códigos de información de longitud fija 231219s2025 spco||| |||| 010 0dspa|c
020 ## - NÚMERO INTERNACIONAL NORMALIZADO PARA LIBROS
Número Internacional Normalizado para Libros (ISBN) 9788412740516
040 ## - FUENTE DE LA CATALOGACIÓN
Centro transcriptor CDMR
245 00 - MENCIÓN DE TÍTULO
Título Colita, el poder de la mirada /
Mención de responsabilidad, etc. coordinació, Xavier Puig García, Jordi Rovira, Francesc Polop
264 #1 - PRODUCCIÓN, PUBLICACIÓN , DISTRIBUCIÓN, FABRICACIÓN Y COPYRIGHT
Lugar de producción, publicación, distribución, fabricación [Barcelona] :
Nombre del productor, editor, distribuidor, fabricante Col·legi de Periodistes de Catalunya,
Fecha de de producción, publicación, distribución, fabricación o copyright [2025]
300 ## - DESCRIPCIÓN FÍSICA
Extensión 79 pàgines :
Otras características físicas fotografies en blanc i negre ;
Dimensiones 21 cm
490 1# - MENCIÓN DE SERIE
Mención de serie Vaixells de paper ;
Designación de volumen o secuencia 36
600 07 - PUNTO DE ACCESO ADICIONAL DE MATERIA - NOMBRE DE PERSONA
Nombre de persona Colita,
Fechas asociadas al nombre 1940-2023.
650 #7 - PUNTO DE ACCESO ADICIONAL DE MATERIA - TÉRMINO DE MATERIA
Término de materia o nombre geográfico como elemento inicial Fotògrafs de premsa
Subdivisión geográfica Catalunya
Subdivisión de materia general Biografia.
650 #7 - PUNTO DE ACCESO ADICIONAL DE MATERIA - TÉRMINO DE MATERIA
Término de materia o nombre geográfico como elemento inicial Fotògrafes
Subdivisión geográfica Catalunya
Subdivisión de materia general Biografia.
650 #7 - PUNTO DE ACCESO ADICIONAL DE MATERIA - TÉRMINO DE MATERIA
Término de materia o nombre geográfico como elemento inicial Llibres homenatge.
700 1# - PUNTO DE ACCESO ADICIONAL - NOMBRE DE PERSONA
Nombre de persona Puig García, Xavier,
Término indicativo de función editor literari
700 1# - PUNTO DE ACCESO ADICIONAL - NOMBRE DE PERSONA
Nombre de persona Rovira, Jordi,
Término indicativo de función editor literari
700 1# - PUNTO DE ACCESO ADICIONAL - NOMBRE DE PERSONA
Nombre de persona Polop, Francesc,
Término indicativo de función editor literari
710 2# - PUNTO DE ACCESO ADICIONAL - NOMBRE DE ENTIDAD
Nombre de entidad o nombre de jurisdicción como elemento inicial Col·legi de Periodistes de Catalunya,
Término indicativo de función entitat editora
830 #0 - PUNTO DE ACCESO ADICIONAL DE SERIE - TÍTULO UNIFORME
Título uniforme Vaixells de paper ;
Designación de volumen o secuencia 36
942 ## - ENTRADA DE ELEMENTOS AGREGADOS (KOHA)
Fuente de clasificaión o esquema
Koha [por defecto] tipo de item Monografies
Fons
Suprimido Perdido Estropeado No para préstamo Localización permanente Localización actual Fecha adquisición Fuente de adquisición Préstamos totales Signatura completa Código de barras Fecha última consulta Fecha del precio de reemplazo Tipo de item de Koha
        Centre de Documentació Montserrat Roig Centre de Documentació Montserrat Roig 2025-07-16 Donació   Bg VP/36 CDMR25070002 2025-07-16 2025-07-16 Monografies

Implantat amb Koha